| 000 | 00881nam0a22002651 4500 | ||
|---|---|---|---|
| 001 | rc\707170 | ||
| 005 | 20031121170709.4 | ||
| 035 | _a(NLR Aleph) 005942537 | ||
| 090 |
_a6694358 _c6694358 |
||
| 100 | _a20031121d1985 u |0rusy50 ca | ||
| 101 | 0 | _arus | |
| 102 | _aRU | ||
| 105 | _aa ||||||||| | ||
| 200 | 1 | _aК статистической теории растворов слабозаряженных полиэлектролитов | |
| 210 |
_aЧерноголовка _cИТФ _d1985 |
||
| 215 |
_a33 с. _cграф. _d20 |
||
| 225 | 1 |
_aПрепринт _fАН СССР, Ин-т теорет. физики им. Л.Д. Ландау _v18 |
|
| 320 | _aБиблиогр.: с. 30 | ||
| 700 | 1 |
_aБорю _bВ. Ю. |
|
| 701 | 1 |
_aЕрухимович _bИ. Я. |
|
| 801 | 0 |
_aRU _bNLR _gpsbo |
|
| 801 | 1 |
_aRU _bELAR _2rusmarc |
|
| 852 |
_aNLR _j87-6/1462 |
||
| 942 | _cBOOK | ||
| 980 | _aNB | ||